000
00311nam a2200109Ia 4500
008
200302s9999 xx 000 0 und d
100
_a
Neelkanth Chhaya
245
_a
Harnessing the Intangible Collected Essays on the Work of Balkrishna Doshi
260
_b
Council of Architecture
260
_c
2014
300
_a
132
999
_c
3693
_d
3693